Data Architecture : The Information Paradigm / W. H. Inmon (Registro nro. 15118)
[ vista simple ]
| 000 -LÍDER | |
|---|---|
| fixed length control field | 00539nam a2200169 4500 |
| 008 - ELEMENTOS DE LONGITUD FIJA -- INFORMACIÓN GENERAL | |
| fixed length control field | 0 1992 0a 000 0USA |
| 020 ## - NÚMERO INTERNACIONAL NORMALIZADO PARA LIBROS | |
| ISBN | 0-89435-358-6 |
| 050 ## - SIGNATURA TOPOGRAFICA DE LA BIBLIOTECA DEL CONGRESO (LC) | |
| Número de Clasificación | QA76 I484 1991 |
| 082 ## - NUMERO DE CLASIFICACION DECIMAL DEWEY | |
| Número de Clasificación | 005.74 I639d |
| 100 ## - ASIENTO PRINCIPAL--NOMBRE PERSONAL | |
| Nombre personal | Inmon, W. H. |
| 245 ## - TÍTULO | |
| Título | Data Architecture : The Information Paradigm / W. H. Inmon |
| 250 ## - MENCIÓN DE EDICIÓN | |
| Mención de edición | 2 |
| 260 ## - PUBLICACIÓN, DISTRIBUCIÓN, ETC. (PIE DE IMPRENTA) | |
| Lugar de publicación, distribución, etc. | United Sates of America : QED Technical |
| 300 ## - DESCRIPCIÓN FÍSICA | |
| Extensión | xii, 259 p. / 23 cm. |
| 500 ## - NOTA GENERAL | |
| Nota general | Incluye índice |
| 650 ## - ASIENTO SECUNDARIO DE MATERIA - TERMINO TEMÁTICO | |
| Término temático o nombre geográfico como elemento de entrada | 1.PROCESAMIENTO ELECTRONICO DE DATOS \ 2.TECNOLOGÍA DE LA INFORMACIÓN |
| No. biblioteca | No. biblioteca | Número de clasificación | Código de barras/Número de adquisición | Número de copia | Tipo de material |
|---|---|---|---|---|---|
| LUIS G. INCLAN | LUIS G. INCLAN | 005.74 I639d | 23959 | 2 | Libros |
